LEADER 01370nam a2200277 i 4500 001 000000065174 003 CaOOAMICUS 005 20060714000000.0 008 060714s1998 it u000 u ita u 013 $a36346 040 $aSeMil$bita 100 1 $aCapello, Francesca <1974->.$0(OLS)http://semarc/name/1510 245 10$aAffreschi gotici nell'alto Lario /$cTesi di Laurea di: Capello Francesca ; Relatore: Chiar.mo Prof. Liana Castelfranchi Vegas. 260 $a[S.l. :$bs.n.],$c1998. 300 $a187 c. ;$c30 cm. 500 $aContiene : Bibliografia. - In testa al front : Università degli Studi di Milano Facoltà di Lettere e Filosofia Corso di Laurea in Lettere Moderne. - Ai piè del front : Anno Accademico 1997-1998. 650 4$aAffreschi - Lombardia.$0(OLS)http://semarc/subject/12270 650 4$aArte - Lombardia.$0(OLS)http://semarc/subject/6011 650 4$aLago di Como.$0(OLS)http://semarc/subject/2033 650 4$aTesi di laurea.$0(OLS)http://semarc/subject/1690 700 1 $aCastelfranchi Vegas, Liana,$d<1924-2013>.$0(OLS)http://semarc/name/9118 850 $aSeMil 852 $aSeMil$W1$xVenegono$y1$m4X V 1$j31327$B31327$CSeMilBibl$Z2$F31330 $8I 961 $aOmaggio: Autore 996 $6245$aAffreschi gotici nell'alto Lario$9(OLS)http://semarc/title/103405 996 $6260$a[S.l. :$bs.n.]$9(OLS)http://semarc/publisher/29751 LEADER 01366nam a2200289 i 4500 001 000000110203 003 CaOOAMICUS 005 20021125000000.0 008 021125s1980 cg u000 u fre u 013 $a82884 040 $aSeMil$bita 245 10$aEthique et societe :$bactes de la 3. Semaine Philosophique de Kinshasa du 3 au 7 avril 1978. 260 $aKinshasa :$bFaculté de théologie catholique,$c1980. 300 $a351 p. ;$c24 cm. 490 0 $aRecherches philosophiques africaines ;$v5 500 $aFondo Card. C.M. Martini. 650 4$aFilosofia - Atti di congressi.$0(OLS)http://semarc/subject/57 650 4$aEtica - Filosofia.$0(OLS)http://semarc/subject/12172 650 4$aFilosofia africana.$0(OLS)http://semarc/subject/19138 700 1 $aSemaine Philosophique de Kinshasa <3. ; 1978 ; Kinshasa>.$0(OLS)http://semarc/name/46230 830 0$aRecherches philosophiques africaines ;$v5.$0(OLS)http://semarc/title/10570 850 $aSeMil 852 $aSeMil$W1$xVenegono$y1$m2P IV 108$j66112$B66112$CSeMilBibl$Z2$F104859 $81 941 1 $a4 961 $aOmaggio: Martini Card. Carlo Maria 996 $6245$aEthique et societe :$bactes de la 3. Semaine Philosophique de Kinshasa du 3 au 7 avril 1978$9(OLS)http://semarc/title/160156 996 $6260$aKinshasa :$bFaculté de théologie catholique$9(OLS)http://semarc/publisher/32156